000 00482nam a2200181Ia 4500
003 GCL
008 140319s9999 xx 000 0 ara d
040 _aGCL /
_cGCL
082 0 4 _a935
_bج ح
100 1 _aجرنى، ا. ر
245 1 0 _aالحثيون /
_cجرنى، ا. ر
700 1 _aمحمد عبدالقادر محمد
300 _a300 ص
490 _aالالف كتاب
_v0
650 0 4 _aالتاريخ القديم
650 0 4 _aالحيثيون
942 _2ddc
_cBK
999 _c43489
_d43489